Colégio de aplicação Pio XII (Record no. 130077)

MARC details
000 -LÍDER
campo de controle de tamanho fixo 00467 a2200169 4500
001 - NÚMERO DE CONTROLE
campo de controle 130077
022 ## - ISBN - INTERNATIONAL STANDARD BOOK NUMBER
ISSN - International Standard Serial Number 1679-656X
040 ## - FONTE DA CATALOGAÇÃO
Instituição que transcreveu o registro Leonardo Da Vinci
041 ## - CÓDIGO DE IDIOMA
Código do idioma do texto/trilha sonora ou título diferente Português
-- Português
082 ## - CDD - CLASSIFICAÇÃO DECIMAL DE DEWEY
Número de Classificação CAP 2010
Número do exemplar 2010
245 ## - TÍTULO
Título Colégio de aplicação Pio XII
300 ## - DESCRIÇÃO FÍSICA
Extensão 13
362 ## - DATAS DE PUBLICAÇÃO E/OU DESIGNAÇÃO SEQUENCIAL
Datas de publicação e/ou designação sequencial 20100329
490 ## - TÍTULO DA SÉRIE
Título da série Colégio de aplicação Pio XII
-- Biologia
697 ## - ENTRADA DE ASSUNTO LOCAL--ENTIDADE COLETIVA (RLIN)
Nome corporativo ou nome da jurisdição Respiração
-- Mecanismo da respiração
-- Propriedades
-- Exercícios
-- Ghemat
942 ## - ELEMENTOS DE ENTRADA ADICIONADOS (KOHA)
Tipo de material Koha Recursos contínuos
Holdings
Situação do descarte Situação das perdas Situação física Não pode ser emprestado Biblioteca de origem Biblioteca atual Data de aquisição Total de empréstimos Número de chamada completo Código de barras Data de último acesso Data do preço efetivo Tipo de material Koha
        Leonardo Da Vinci - Osasco Leonardo Da Vinci - Osasco 27/03/2024   CAP 2010 O00628 27/03/2024 27/03/2024 Recursos contínuos